01286nam a2200313 a 4500001001200000003000800012006001900020007001500039008004100054010001700095020002800112040002100140035002000161050002900181082001600210100001800226245010200244260005400346300001600400504006400416533015200480600006200632650004200694650003400736650003000770655002900800710001700829856012600846ebr10019973CaPaEBRm u cr cn|||||||||020215s2002 mou sb s001 0 eng  z 2002023840 z0826214061 (alk. paper) aCaPaEBRcCaPaEBR a(OCoLC)5563841914aPS3525.I5156bZ84 2002eb04a813/.522211 aOtten, Terry.14aThe temptation of innocence in the dramas of Arthur Millerh[electronic resource] /cTerry Otten. aColumbia :bUniversity of Missouri Press,cc2002. axvi, 280 p. aIncludes bibliographical references (p. 251-267) and index. aElectronic reproduction.bPalo Alto, Calif. :cebrary,d2013.nAvailable via World Wide Web.nAccess may be limited to ebrary affiliated libraries.10aMiller, Arthur,d1915-2005xCriticism and interpretation. 0aInnocence (Psychology) in literature. 0aDramaxPsychological aspects. 0aTemptation in literature. 7aElectronic books.2local2 aebrary, Inc.40uhttp://site.ebrary.com/lib/rucke/Doc?id=10019973zAn electronic book accessible through the World Wide Web; click to view